000 00284nam a22001337a 4500
008 170726b xxu||||| |||| 00| 0 eng d
020 _a9780071496568
041 _aeng
080 _a004
100 _a31
101 _aSHK
245 _aGOOGLE AD WORDS
_cGOODMAN,A
942 _2udc
_cBK
999 _c21966
_d21966